00879nam a2200217 a 4500001001000000003000900010005001700019008004100036040002500077100003900102245008900141260003800230300001900268490005600287500004000343586005700383600004000440942001400480952015000494999001700644000035369DO-SdBNP20260305073955.0111028s1923 sp 000 0 spa d aDO-SdBNPbspacBNPHU1 aMonsalve, J. D.,d1864-193596117513aEl ideal político del libertador Simón Bolivar :b(1783-1824) /cJ. D. Monsalve. aMadrid :bAmérica,c[ca. 1923]. a2 v. ;c19 cm.0 aBiblioteca de ciencias políticas y sociales ;v11 aBiblioteca tiene volumen 1 (519 p.) aObra laureada por la Academia Colombiana de Historia10aBolívar, Simón,d1783-18309253 2ddccLBS1 0010507-18MOaGRbGRcOId2011-10-28iLF1l0o p35369-10r2020-06-25w2020-06-25y1zBiblioteca Juan Isidro Jiménes GrullónZNo se presta c34860d34860